000
00229nam a2200085Ia 4500
008
170620s9999 xx 000 0 und d
100
_a
Dr MISHRA- J P
245
3
_a
AN INTRODUCTION TO INTELLECTUAL PROPERTY RIGHTS
260
_b
ALLAHABAD; C L P
260
_c
2005
999
_c
29257
_d
29257